000 00618nam a22001937a 4500
003 OSt
005 20140310181756.0
008 130629t xxu||||| |||| 00| 0 eng d
020 _a971-550-278-4
022 _a971-550-295-4
050 _aDS 674
_b.B928 1998
082 _aFIL 959.9027
_bB86 1998
100 _aBorromeo-Buehler, Soledad
245 _aThe cry of Balintawak :
_ba controlled controversy :a textual analysis with appended documents /
_cSoledad Borromeo-Buehler
260 _aQuezon City, Philippines :
_bADMU Press,
_cc1998
300 _a221 p. :
_bill.;
_c23 cm.
942 _2lcc
_cBK
999 _c3436
_d3436